| 000 | 00357nam a22001337a 4500 | ||
|---|---|---|---|
| 020 | _a07-002654-8 | ||
| 082 | _a511.33 AYR'D | ||
| 100 |
_aAYRES, FRANK _98744 |
||
| 245 | _aDIFFERENTIAL EQUATIONS SCHAUMS OUTLINE OF THEORY AND PROBLEM | ||
| 260 |
_aNEWYOR _bMCGRAW HILL _c1952 |
||
| 300 | _a296P | ||
| 650 |
_aDIFFERENTIAL EQUATIONS _9688 |
||
| 942 |
_cBK _2ddc |
||
| 999 |
_c583858 _d583858 |
||